Wszystkie dzielnice Łodzi na mapie - Statystyki

Ogólne statystyki
  • Ten quiz został rozwiązany 3 676 razy
  • Średni wynik to 4 z 5
Odpowiedzi na mapie
Odpowiedzi zakodowano w zielono-czerwonej skali na mapie do tego quizu, zgodnie z poniższymi procentami.
 
Statystyki odpowiedzi
Dzielnica % Poprawnych
Bałuty
90%
Widzew
86%
Śródmieście
85%
Polesie
52%
Górna
51%
Nie znaleziono quizów pasujących do podanych kryteriów
Rozkład punktacji
Procent ludzi z każdym wynikiem
Percentyl według liczby udzielonych odpowiedzi
Twoja historia wyników
Nie rozwiązałeś tego quizu